000 00638nam a2200229 a 4500
999 _c11793
_d11793
001 11793
003 BD-JhCC
005 20201015134247.0
008 201015s2015 nyua|||| |||| 001 0 eng d
020 _a9781782091097
035 _a(BD-JhCC)11793
040 _aBD-JhCC
_dBD-JhCC
041 _aeng
082 _a032.083
_bCHI 2015
245 _aChildren's Encyclopedia Earth /
_cPub. by Belinda Gallagher
260 _aUnited Kingdom :
_bMiles Kelly,
_c2015.
300 _a224 p. :
_billus.
504 _aIncludes Index.
650 _a Earth sciences -- Encyclopedias, Juvenile.
700 _aGallagher, Belinda
942 _2ddc
_cBK